Suurimmat kaupungit kirjaimittain - B - Statistics

Yleistilastot
  • Tätä visaa on pelattu 772 kertaa
  • Keskiarvotulos 14 / 20
Vastaustilastot
Valtio Väkiluku Kaupunki % Oikein
Thaimaa 20,5 milj. Bangkok
97%
Saksa 4,78 milj. Berliini
94%
Espanja 4,95 milj. Barcelona
92%
Argentiina 16,7 milj. Buenos Aires
92%
Unkari 2,65 milj. Budapest
91%
Brasilia 3,98 milj. Brasília
90%
Belgia 2,75 milj. Bryssel
90%
Kolumbia 10,2 milj. Bogotá
86%
Irak 7,50 milj. Bagdad
85%
Yhdysvallat 7,85 milj. Boston
83%
Azerbaidžan 2,68 milj. Baku
81%
Yhdistynyt kuningaskunta 3,23 milj. Birmingham
78%
Australia 3,28 milj. Brisbane
77%
Etelä-Korea 4,00 milj. Busan
54%
Intia 13,7 milj. Bangalore
53%
Mali 3,98 milj. Bamako
52%
Brasilia 5,15 milj. Belo Horizonte
48%
Indonesia 6,90 milj. Bandung
31%
Intia 2,60 milj. Bhopal
26%
Intia 3,18 milj. Bhilai
20%
Ehtoja vastaavia visoja ei löytynyt
Tulosjakauma
Jokaisen tuloksen saaneiden osuus
Persentiili vastausten määrän mukaan
Tuloshistoriasi
Et ole pelannut tätä visaa